• 首页
  • 本馆介绍
  • 公告通知
  • 最新文献
  • 馆藏检索
  • 电子资源
  • 读者导购
  • 参考咨询
  • 我的图书馆
  • 登录
  • 详细信息显示
  • 放入我的书架
  • 预约/预借图书
  • 作者相关作品
  • 分类相关作品
  • 丛书相关作品
  • 出版社相关作品

书目信息

  • 表格格式
  • 工作单格式
  • 卡片格式
题名:
数学分析讲义
    
 
作者: ;吉林师范大学数学系数学分析教研室 编
分册: 下册  
出版信息: 北京   人民教育出版社  1966
页数: 306页
开本: 20cm
丛书名:
单 册:
中图分类: O172 , O17
科图分类:
主题词: 数学分析
电子资源:
ISBN:
000 00753nam0 2200229 450
001 0652102539
005 20060817085243.71
010    @dCNY0.95
091    @a13012.0103
100    @a20060412d1966 km y0chiy0120 ea
101 0  @achi
102    @aCN@b110000
200 1  @a数学分析讲义@Ashu xue fen xi jiang yi@h下册@f吉林师范大学数学系数学分析教研室编@Fji lin shi fan da xue shu xue xi shu xue fen xi jiao yan shi bian
210    @a北京@c人民教育出版社@d1966
215 1  @a306页@d20cm
300    @a高等学校教学参考书
606 0  @a数学分析
690    @aO172@v4
690    @aO17@v3
711  0 @a吉林师范大学数学系数学分析教研室@Aji lin shi fan da xue shu xue xi shu xue fen xi jiao yan shi@4编
801  0 @aCN@bPFT@c20060817
905    @a10447@dO17@e63:2
    
    数学分析讲义.下册/吉林师范大学数学系数学分析教研室编.-北京:人民教育出版社,1966
    306页;20cm
    高等学校教学参考书
    
    ISBN :CNY0.95
    
●
相关链接 在E读中查询图书 在五车中查询图书 在当当中查询图书 在豆瓣中查询图书


正题名:数学分析讲义     索取号:O17/63:2         预约/预借

序号 登录号 条形码 馆藏地/架位号 状态 备注
1 0011997   202298110   密集书库/ [索取号:O17/63:2] 在馆    
2 0012002   202298101   密集书库/ [索取号:O17/63:2] 在馆    
3 0016003   202298851   密集书库/ [索取号:O17/63:2] 在馆    
唐山师范学院图书馆 欢迎您!
大连网信软件有限公司© 版权所有